000 01702nam0a22002891 4500
001 rc\3198058
005 20260408074224.0
021 _aRU
_b76-52807
021 _aRU
_bРг10637-76
035 _a(NLR Aleph) 007344018
090 _a6139178
_c6139178
100 _a20120628d1976 |||y0rusy50 ca
101 0 _arus
102 _aRU
105 _ay c |||||
200 1 _aМетодические указания к изучению темы "Степень окисления и составление уравнений окислительно-восстановительных реакций. Окислительно-восстановительный потенциал"
_fМ-во высш. и сред. спец. образ. УССР. Респ. науч.-метод. кабинет по средн. спец. образованию
210 _aКиев
_cБ. и.
_d1976
215 _a22 с.
_d20
300 _aНа обороте тит. л. сост.: преп. Г. Балюра
532 1 3 _aМетодические указания к изучению темы Степень окисления и составление уравнений окислительно-восстановительных реакций. Окислительно-восстановительный потенциал
702 1 _aБалюра
_bГ.
_4220
712 0 2 _aУкраинский республиканский научно-методический кабинет по среднему специальному образованию
_cКиев
_3RU\NLR\AUTH\8810065446
_9632499
801 0 _aRU
_bNLR
_gpsbo
801 1 _aRU
_bELAR
_2rusmarc
852 _aNLR
_j76-4/25880
942 _cBOOK
980 _aNB